Las nuevas economías : de la economía evolucionista a la economía cognitiva : más allá de las fallas de la teoría neoclásica /

Gespeichert in:
Bibliographische Detailangaben
1. Verfasser: Viale, Ricardo (compilación)
Format: Buch
Sprache:Spanisch
Veröffentlicht: México : Facultad Latinoamericana de Ciencias Sociales, 2008, c2008
Schlagworte:
Tags: Tag hinzufügen
Keine Tags, Fügen Sie das erste Tag hinzu!

MARC

LEADER 00000nam^a2200000^a^4500
001 000303736
005 20250521000000.0
009 20260310112658.272
020 |a 978-970-9967-23-4 
037 |a Acervo ITESO - Biblioteca 
041 |a ESP 
082 |a 330. 1  |b VIA 
100 |a Viale, Ricardo  |e (compilación) 
245 1 4 |a Las nuevas economías :  |b de la economía evolucionista a la economía cognitiva : más allá de las fallas de la teoría neoclásica /  |c Comp. de R. Viale ; tr. por Luisa Gabriela D'Orazio, Nadia Silvana Gómez. 
264 4 |a México :  |b Facultad Latinoamericana de Ciencias Sociales,  |c 2008, c2008 
300 |a 317 p. 
336 |a texto  |b txt  |2 rdacontenido 
337 |a sin mediación  |b n  |2 rdamedio 
338 |a volumen  |b nc  |2 rdasoporte 
500 |a Traducción de: Le nuove economic. Dall'economia evolutiva a quella cognitiva: oltre i fallimenti della teoria neoclásica 
649 |a XX 
650 |a Empresas 
650 |a Mercado 
650 |a Teoría de Juegos 
650 |a Toma de Decisiones 
650 |a Complejidad (Ciencias Sociales) 
650 |a Psicología 
650 |a Epistemología 
650 |a Economía -  |x Teoría -  |x Tema Principal 
910 |a Fondo General 
920 |a Impresos - Libros 
930 |a Colección General 
905 |a 101 
901 |a 0500190039  |b IT1  |c ACC  |i C124501  |u 20250521 
902 |a https://opac.biblio.iteso.mx/vufind/Record/000303736